Croissance PIB les 10 premiers pays en 2024 - Statistiques

Statistiques générales
  • Ce quiz a été pris 73 fois
  • Le résultat moyen est 8 sur 10
Statistiques - réponses
Croissance en 2024 Projection 2025 Projection 2026 Niveau de développement et zone géographique
Pays % Correct
2,8% 2,7% 2,1% Avancé Amérique du Nord Etats-Unis
96%
4,8% 4,6% 4,5% Émergent Asie Chine
91%
1,3% 2,0% 2,0% Avancé Amérique du Nord Canada
85%
6,5% 6,5% 6,5% Émergent Asie Inde
85%
3,7% 2,2% 2,2% Émergent Amérique latine Brésil
84%
1,4% 3,3% 4,1% Émergent Moyen Orient Arabie saoudite
81%
3,1% 2,3% 1,8% Avancé Europe Espagne
76%
3,1% 3,2% 3,0% Émergent Afrique subsaharienne Nigéria
69%
1,8% 1,4% 2,0% Émergent Amérique latine Mexique
67%
3,8% 1,4% 1,2% Émergent Europe Russie
67%
Aucun quiz correspondant
Distribution des résultats
% des personnes avec chaque résultat
Percentile par nombre de réponses
Votre historique - résultats
Vous n’avez pas pris ce quiz